Digital Electronics (Record no. 4449)

MARC details
000 -LEADER
fixed length control field 00411nam a22001697a 4500
005 - DATE AND TIME OF LATEST TRANSACTION
control field 20160628142635.0
008 - FIXED-LENGTH DATA ELEMENTS--GENERAL INFORMATION
fixed length control field 160628b xxu||||| |||| 00| 0 eng d
020 ## - INTERNATIONAL STANDARD BOOK NUMBER
ISBN 81-85749-60-4
041 ## - LANGUAGE CODE
Language code of text/sound track or separate title eng
082 ## - DEWEY DECIMAL CLASSIFICATION NUMBER
Item number 11285
100 ## - MAIN ENTRY--AUTHOR NAME
Personal name Gupta, Dr B.R. and Singhal, V.
245 ## - TITLE STATEMENT
Title Digital Electronics
260 ## - PUBLICATION, DISTRIBUTION, ETC. (IMPRINT)
Name of publisher Katson Books
Year of publication 2011
300 ## - PHYSICAL DESCRIPTION
Number of Pages 538
650 ## - SUBJECT ADDED ENTRY--TOPICAL TERM
Topical Term Diploma Engineering
942 ## - ADDED ENTRY ELEMENTS (KOHA)
Koha item type Books
Holdings
Lost status Damaged status Collection code Home library Current library Shelving location Date acquired Cost, normal purchase price Full call number Accession Number Koha item type
    MINING JRU Library JRU Library SHELF-58-D 28/06/2016 275.00 11285 11285 Books
      JRU Library   SHELF-37-K 28/06/2016 275.00 11285 11286 Books
      JRU Library   SHELF-37-K 28/06/2016 275.00 11285 11287 Books
      JRU Library   SHELF-37-K 28/06/2016 275.00 11285 11288 Books
      JRU Library   SHELF-37-J 28/06/2016 275.00 11285 11289 Books
      JRU Library   SHELF-37-K 28/06/2016 275.00 11285 11290 Books
    MINING JRU Library JRU Library SHELF-58-D 28/06/2016 275.00 11285 11291 Books
    MINING JRU Library JRU Library SHELF-58-D 28/06/2016 275.00 11285 11292 Books
      JRU Library   SHELF-37-K 28/06/2016 275.00 11285 11293 Books
      JRU Library   SHELF-37-J 28/06/2016 275.00 11285 11294 Books
      JRU Library   SHELF-37-K 28/06/2016 275.00 11285 11295 Books
      JRU Library   SHELF-37-J 28/06/2016 275.00 11285 11296 Books